Leader xxxxxxxxxx
001 __ PCLIS00041881
005 __ 20220225095046.0
009 __ |a(CIP)97005939
010 0_ |a978-986-185-176-1|b平裝|dNT$250
050 __ |a001927346
100 __ |a20080331d2008 m y0chiy09 e
101 0_ |achi
102 __ |atw
105 __ |ay z 000ay
200 1_ |a烏鴉之城|fD51著
205 __ |a初版
210 __ |a臺北市|c高寶國際出版|c希代多媒體發行|d2008.05[民97]
215 0_ |a255面|d21公分
225 2_ |a推文學|dPush|v5
260 1_ |a2008
300 __ |a\"作者號取自題名"由t038抄錄,實際編為D999; 由t561改回首尾五筆法取"五一"
312 __ |a封面英文題名: The city of ravens
410 _0 |12001 |a推文學|v5
517 1_ |aThe city of ravens|zeng
681 __ |a857.7|b842
681 __ |a857.7|bD999 97
681 __ |a857.7|b8536|v2007年版
700 _0 |aD51|c(中國文學)
801 _0 |atw|b國圖|c20080602|gCCR
801 _1 |atw|b內湖高中|c20100322|gCCR
801 _2 |atw|b內湖高中|c20220225|gCCR
|